Zber a skladovanie cibuľovej, hlúbovej a koreňovej zeleniny

Bibliographic Details
Main Author: Valšíková-Frey, Magdaléna, 1947- (Author)
Format: Article
Language:Slovak
ISSN:0862-5565
Subjects:

MARC

LEADER 00000nab a2200000 a 4500
001 vtls000745398
003 SK-MaSNL
005 20260303193618.0
008 180205c2000 xo 0 slo
015 |a SNBRB2001/01-04202 
035 |a CLN000097232 
040 |a SNKBUCL  |b slo  |c SNKBUCL  |e AACR2 
041 0 |a slo 
044 |a xo  |c SK 
080 |a 635.1/.8:631.55/.56  |2 UDC-MRF-SK2 
080 |a 631.55/.56  |2 UDC-MRF-SK2 
100 1 |a Valšíková-Frey, Magdaléna,  |d 1947-  |4 aut  |9 193550 
245 1 0 |a Zber a skladovanie cibuľovej, hlúbovej a koreňovej zeleniny  |c M. Valšíková 
650 0 7 |a zelenina  |x zber  |x skladovanie  |2 snkbucl  |9 1224965 
655 7 |a články z novín a časopisov  |2 snkbucl  |9 267496 
773 0 |x 0862-5565  |t Záhradkár  |g Roč. 36, č. 10 (2000), s. 70-71 
850 |a Slovenská národná knižnica v Martine 
852 |a SNK  |b KIS3GCP 
958 |a RBX 
999 |c 2153321  |d 2155251